00573nam a2200181 a 4500008004100000020001800041050001700059100002700076245009800103260005900201300002000260650001700280650002500297650001700322650001500339650001700354700002000371220113s2016 ||||||||||||||||| || u a9780128005408 aQH 518.5 Iva aVlaski-Lafarge, Marija10aAnaerobiosis and stemness: an evolutionary paradigmcBy Zoran Ivanovic; Marija Vlaski-Lafarge aLondonbAcademic Press is an imprint of Elsevierc2016 aviii, 312 pages aANAEROBIOSIS aBIOLOGICAL EVOLUTION aCELL HYPOXIA aSTEM CELLS aCELL LINEAGE aIvanovic, Zoran